عرض عادي
عرض مارك
- Israel
دخول Geographic Name
001 - CONTROL NUMBER
- control field: 28324
003 - CONTROL NUMBER IDENTIFIER
- control field: AE-AdECS
005 - DATE AND TIME OF LATEST TRANSACTION
- control field: 20260403094528.0
008 - FIXED-LENGTH DATA ELEMENTS
- fixed length control field: 260403|| aca||aabn | a|a d
040 ## - CATALOGING SOURCE
- Original cataloging agency: AE-AdECS
- Transcribing agency: AE-AdECS
151 ## - HEADING--GEOGRAPHIC NAME
- Geographic name: Israel
- General subdivision: Military policy
670 ## - SOURCE DATA FOUND
- Source citation: Work cat.: (AE-AdECS)294655: Al Ali, Khamis, author 28319, Understanding Contemporary Israeli National-Security policymaking :
